| 000 | 02709njm a2200481Ia 4500 | ||
|---|---|---|---|
| 001 | 26120 | ||
| 003 | IT-RoPAU | ||
| 005 | 20220918181110.0 | ||
| 008 | 131025s9999 xx 000 0 und d | ||
| 040 | _aIT-RoPAU | ||
| 040 | _cIT-RoPAU | ||
| 041 | _aINGLESE | ||
| 999 |
_c98892 _d98892 |
||
| 999 | _bn.d. | ||
| 100 |
_aSantana Carlos _95239 |
||
| 100 |
_eAutore musica _915702 |
||
| 100 |
_gCodice autore musica SPICS: 11139 _95241 |
||
| 245 | _aBeyond Appearances | ||
| 250 | _a1a ed. | ||
| 260 | _aHOLLAND | ||
| 260 |
_bCBS _c1985 [1a Ed.:1985 - Ed. Lingua Orig.: 1985] |
||
| 300 | _aDISCO | ||
| 300 | _c42 minuti (Testo: pag.) | ||
| 500 | _aMusica rock. | ||
| 505 | _aBreaking Out (5:00) - Written In Sand (4:00) - How Long (4:00) - Brotherhood (3:00) - Spirit (6:00) - Say It Again (4:00) - Who Loves You (5:00) - I'm the One Who Loves You (4:00) - Touchdown Raiders (4:00) - Right Now (6:00) | ||
| 650 |
_aROCK [DISCHI] _eCodice MATERIA SPICS: 9950 _91088 |
||
| 700 |
_aAA.VV. _eAutore _gCodice autore SPICS: 12000 _9799 |
||
| 700 |
_aSantana Carlos _gCodice interprete SPICS: 11139 _einterprete _915703 |
||
| 700 |
_aSancious David _gCodice autore musica SPICS: 25653 _eAutore musica _pBreaking Out - Brotherhood _915704 |
||
| 700 |
_aWalker Greg _gCodice autore SPICS: 27982 _eAutore _pBreaking Out _915705 |
||
| 700 |
_aJohnson Alphonso _gCodice autore testo/musica SPICS: 20804 _eAutore testo/musica _pBreaking Out - Spirit _915706 |
||
| 700 |
_aFroom Mitchell _gCodice autore musica SPICS: 27983 _eAutore musica _pWritten In Sand _915707 |
||
| 700 |
_aStahl Jerry _gCodice autore testo/musica SPICS: 27984 _eAutore testo/musica _pWritten In Sand _915708 |
||
| 700 |
_aPatton Robbie _gCodice autore testo/musica SPICS: 27985 _eAutore testo/musica _pHow Long _915709 |
||
| 700 |
_aSantana Carlos _gCodice autore musica SPICS: 11139 _eAutore musica _pBrotherhood - Spirit - Who Loves You - Touchdown Raiders - Right Now _915710 |
||
| 700 |
_aThompson Chester _gCodice autore SPICS: 20798 _eAutore _pBrotherhood - Who Loves You - Right Now _915711 |
||
| 700 |
_aPeraza Armando _gCodice autore testo/musica SPICS: 20801 _eAutore testo/musica _pSpirit _915712 |
||
| 700 |
_aGaray Val _gCodice autore musica SPICS: 27986 _eAutore musica _pSay It Again _915713 |
||
| 700 |
_aGoldstein Steve _gCodice autore SPICS: 27987 _eAutore _pSay It Again _915714 |
||
| 700 |
_aLa Peau Anthony _gCodice autore testo/musica SPICS: 27988 _eAutore testo/musica _pSay It Again _915715 |
||
| 700 |
_aVilato Orestes _gCodice autore testo/musica SPICS: 27989 _eAutore testo/musica _pWho Loves You - Right Now _915716 |
||
| 700 |
_aMayfield Curtis _gCodice autore testo/musica SPICS: 24514 _eAutore testo/musica _pI'm the One Who Loves You _915717 |
||
| 942 |
_cMD _2ddc |
||